A child's first library of learning activity book 5. (Record no. 113121)
[ view plain ]
| 000 -LEADER | |
|---|---|
| fixed length control field | 00265nam a2200097 a 4500 |
| 005 - DATE AND TIME OF LATEST TRANSACTION | |
| control field | 20140414132003.0 |
| 008 - FIXED-LENGTH DATA ELEMENTS--GENERAL INFORMATION | |
| fixed length control field | 110216s19uu xx 00 eng d |
| 050 ## - LIBRARY OF CONGRESS CALL NUMBER | |
| Classification number | TR 790.1 |
| Item number | C43 2004 |
| 245 ## - TITLE STATEMENT | |
| Title | A child's first library of learning activity book 5. |
| Withdrawn status | Lost status | Damaged status | Home library | Current library | Shelving location | Date acquired | Total Checkouts | Full call number | Barcode | Date last seen | Price effective from | Koha item type |
|---|---|---|---|---|---|---|---|---|---|---|---|---|
| Munich Library | Munich Library | Teachers Reference Section | 02/16/2011 | TR 790.1 C43 2004 | M4612 | 04/14/2014 | 04/14/2014 | Books |